000 01485nam a2200241 a 4500
001 15786
003 CO-ViMGA
008 141112s2004 ck r 000 u spa d
020 _a9589129455
040 _aCO-ViMGA
_bspa
_cCO-ViMGA
082 _aFr918.6
_bF141c
100 1 _aFajardo Montaña, Dario; Dominguez, Camilo; Molano, Joaquin; RÁngel, Orlando
_99983
110 _aFondo Fen - Corpes de la Orinoquia
_99984
245 1 0 _aCOLOMBIA - ORINOCO
260 _aBogotá,
_cFen,
_c1998
300 _a342.p.il.fotos
500 _aEn : Fr 918.6 F141c
505 _aOrinoquia - Colonización, frontera y estructura territorial La gran cuenca del Orinoco Flora Orinoquense La fauna de la Orinoquia Sociedades Indígenas de los Llanos , Economía y caracteristicas socio - culturales Impacto de las misiones religiosas y de las guerras de independencia en la construcción y destrucción de pueblos y ciudades coloniales en los Llanos Construcción territorial de la Orinoquia Colombiana en el siglo XIX Cronistas y científicos en la Orinoquia Encuentro de dos sabios : Ser Indígena en el Llano del proximo milenio La cultura Llanera Sistemas de producción en la Orinoquia Colombiana Petróleo y desarrollo Red vial y transformación urbana hacia el futuro Ciencia y Tecnología Biogeografía de la Orinoquia Colombiana
650 1 4 _aORINOCO - COLOMBIA
_99985
650 1 4 _aORINOCO (REGION) - DESCRIPCION - VIAJES
_99986
650 1 4 _aORINOQUIA - COLOMBIA
_99987
942 _2ddc
_cBK
999 _c11520
_d11520